Campaña sindical para la climatización de edificios/

Sparad:
Bibliografiska uppgifter
Materialtyp: Bok
Språk:Spanish
Taggar: Lägg till en tagg
Inga taggar, Lägg till första taggen!

MARC

LEADER 00000nam a22000007a 4500
003 cru CIDCACS/IIS
005 20180404140834.0
007 ta
008 180404s1993 sp |||p|r||||||0| ||spa|d
999 |c 41215  |d 41215 
040 |c cru CIDCACS/IIS 
245 1 |a Campaña sindical para la climatización de edificios/  |c CC.OO., UGT y AEDENAT 
300 |a página 43-44 
773 0 |0 41203  |9 1928  |a Confederación Sindical de CC.OO  |d España: Confederación Sindical de CC.OO  |o 15053  |t Gaceta Sindical / 
942 |2 ddc  |c PP